000 00414nam a22001337a 4500
999 _c30602
_d30602
008 191127b ||||| |||| 00| 0 eng d
020 _a0340507810
050 _aPC 2120 .C6 1990
100 _aCoultas,Barbara.
245 _aBusiness French/
_cBarbara Coultas.
260 _aChicago:
_bHodder & Stoughton,
_c1990.
300 _aix,246.p:ill
_bsome (col)
_c20cm
942 _2lcc
_cBOOKS
_hPC 2120.C6 1990